All World Cup Winners - Statistics

General Stats
  • This quiz has been taken 13 times
  • The average score is 18 of 22
Answer Stats
Answer % Correct
1930 Uruguay
100%
2022 Argentina
90%
2018 France
90%
2014 Germany
90%
1934 Italy
90%
2010 Spain
90%
1962 Brazil
80%
1970 Brazil
80%
1994 Brazil
80%
2002 Brazil
80%
1998 France
80%
1954 Germany
80%
1938 Italy
80%
2006 Italy
80%
1950 Uruguay
80%
1986 Argentina
70%
1958 Brazil
70%
1966 England
70%
1974 Germany
70%
1990 Germany
70%
1982 Italy
70%
1978 Argentina
60%
No matching quizzes found
Score Distribution
Percent of People with Each Score
Percentile by Number Answered
Your Score History
You have not taken this quiz